00318nam a2200109Ia 4500008004000000020001800040082001600058100002500074245005700099260004400156300000800200210210b1975 xxu||||| |||| 00| 0 eng d a0 912776 79 X aS891.6 BHAB aBHAKTIVEDANTA (A C). aBhagavatam. Fifth canto: The creative impetus.Part 2 aBombaybBhaktivedanta book trust.c1975 a534